| 000 | 00531nam a2200145 a 4500 | ||
|---|---|---|---|
| 001 | 000037854 | ||
| 005 | 20240314193807.0 | ||
| 008 | 130307s2012 dr 000 0 spa d | ||
| 020 | _a9789945883244 | ||
| 040 |
_aDO-SdBNP _bspa _cBNPHU |
||
| 100 | 1 |
_aMoscoso Segarra, Alejandro A _d1964- _962241 |
|
| 245 | 1 | 0 |
_a15 aƱos de jurisprudencia sobre violencia hacia la mujer 1997-2012 / _cAlejandro A. Moscoso Segarra, Suprema Corte de Justicia. |
| 260 |
_aSanto Domingo : _bSuprema Corte de Justicia, _c2012. |
||
| 300 |
_a286 p. : ; _c23 cm. |
||
| 999 |
_c37344 _d37344 |
||